Stará Ľubovňa 1292/2002

Bibliographic Details
Format: Article
Language:Slovak
Subjects:

MARC

LEADER 00000nab a2200000 a 4500
001 vtls001030999
003 SK-MaSNL
005 20260303035742.0
008 040720e20020821xo 0 slo
035 |a SL9553 
040 |a SLLK  |b slo  |c SLLK  |e AACR2 
041 0 |a slo 
044 |a xo  |c SK 
080 |a 348.423(091)  |2 1981 
245 0 0 |a Stará Ľubovňa 1292/2002  |c (ľn) 
600 1 7 |a Gregor  |b IX.,  |c pápež,  |d 1170-1241  |2 SLLK 
610 2 7 |a Kostol Panny Márie (Podolínec, Slovensko)  |2 SLLK  |9 1022948 
648 7 |a 1235  |2 SLLK  |9 1022949 
650 0 7 |a cirkevné poplatky  |2 SLLK  |9 105630 
773 0 |t Ľubovnianske noviny  |g Roč. 28, č. 34 (21.8.2002), s. 2 
852 |a ZVYKNI  |b KIS3GCP 
999 |c 1678760  |d 1680690